Top 15 dei paesi con decessi Covid-19 - 7 agosto - Statistics

Statistiche generali
  • Questo quiz è stato fatto 4 volte
  • Il punteggio medio è 9 su 20
Statistiche sulle risposte
nazione % Corretto
Italia
100%
Stati Uniti
100%
Brasile
75%
Francia
75%
India
75%
Russia
75%
Spagna
75%
Iran
50%
Messico
50%
Regno Unito
50%
Cile
25%
Colombia
25%
Ecuador
25%
Irlanda
25%
Paesi Bassi
25%
Panama
25%
Perù
25%
Sudafrica
25%
Belgio
0%
Svezia
0%
Nessun quiz corrispondente trovato
Distribuzione punteggi
Percentuale di utenti per punteggio
Percentile per numero di risposta
I tuoi punteggi nel tempo
Non hai fatto questo quiz